1530 1723 1109 1800 1598 1570 1824 1077 1526 1726 1562 1474 1487 1140 1152 1667 1267 1904 1324 1124 1004 1623 1105 1792 1721 1063 1879 1122 1282 1894 1931 1117 1950 1576 1725 1197 1395 1558 1520 1132 1868 1524 1733 1111 1908 1449 1564 1037 1587 1788 1313 1040 1805 1208 1949 1566 1536 1563 1735 1282 1678 1482 1296 1756 1131 1194 1528 1151 1835 1657 1700 1600 1312 1503 1836 1691 1516 1756 1691 1697 1054 1266 1126 1915 1777 1745 1795 1712 1507 1154 1000 1857 1016 1330 1124 1529 1919 1762 1212 BCNSPRNW ULIB Ver.6.0+V

เปลี่ยนเป็นภาษาไทย

Change to English
 แสดงรายละเอียดบรรณานุกรม
  กลับหน้าหลัก

Brief Record : Get Marc (ISO 2709) : E-mail record : QR code < ปิดหน้าต่าง
LEADER : 00000nam 2200000uu 4500
001    13399111263
003     ULIB
008    110621s||||||||th 000 0 tha d
020    9742121508
050  4 BF724^bพ381ค 2548
100 1  คิโยซากิ, โรเบิร์ด ที
245 10 พ่อรวยสอนวัยรุ่น :^bเคล็ดลับเรื่องเงิน ๆ ทอง ๆ ที่ไม่มีสอนในโรงเรียน=Rich dad poor dad for teens /^cโรเบิร์ด ที. คิโยซากิ, แอล. ชารอน แลชเตอร์ ; วารี ปานเจริญ, เรียบเรียง
246 31 Rich dad poor dad for teens
260    กรุงเทพฯ :^bซีเอ็ดยูเคชั่น,^c2548
300    130 หน้า
650  4 การเงิน
700 1  แลชเตอร์, แอล. ชารอน
700 0  วารี ปานเจริญ
945    ^p110^l0^i017794
945    ^p110^l0^i017793
995    ทศพร
999 ^a ใช้งานได้ทุกระบบ
รายการนี้ยังไม่มีแท็ก
คุณยังไม่ได้ล็อกอิน คุณสามารถมีกิจกรรมร่วมกับเว็บไซต์ได้ แต่ต้องล็อกอินก่อน ::
  ล็อกอิน

รายการสื่อสารสนเทศ

ลำดับที่ ประเภท เลขเรียก/บาร์โค้ด สถานที่ สถานะ
- ไม่พบข้อมูล -

รายการใกล้เคียง
    หัวเรื่อง [การเงิน]

BibComment


ยังไม่เคยถูกคอมเมนท์

คอมเมนท์ทรัพยากรรายการนี้
  คอมเมนท์: พ่อรวยสอนวัยรุ่น ..


 Copyright 2026. Bcnsprnw @Library